000 00211 a2200097 4500
020 _a9780007263486
100 _aNorton Juster
245 _aThe phantom tollbooth
260 _bHarper Collins
_c2008
942 _cOO
999 _c115211
_d115210